000 00628nam a2200241Ia 4500
003 OSt
005 20220918210900.0
006 a|||||r|||| 00| 0
007 ta
008 220917b |||||||| |||| 00| 0 eng d
024 _a122,476
037 _cTextual
040 _aARTS
_cARTS
_beng
041 _2eng
_aeng
082 _aW, K4-;3
100 _aSprout Harold
_994182
245 0 _aFoundations of international politics
260 _c1964
650 _aPOLITICAL SCIENCE
700 _a Spout Margaret
_9119495
942 _hW, K4-;3
_cTEXL
_2CC
999 _c245668
_d245668